ՀՀ Գիտությունների ազգային ակադեմիայի հիմնարար գիտական գրադարան  =   Fundamental Scientific Library of NAS RA

Вопросы гидравлики и гидротехнического строительства : (Record no. 448607)

MARC details
000 -LEADER
fixed length control field 00917nam a22001937a 4500
003 - CONTROL NUMBER IDENTIFIER
control field AM-YeHGA
040 ## - CATALOGING SOURCE
Original cataloging agency AM-YeHGA
090 ## - LOCALLY ASSIGNED LC-TYPE CALL NUMBER (OCLC); LOCAL CALL NUMBER (RLIN)
-- 451520
005 - DATE AND TIME OF LATEST TRANSACTION
control field 20250617160224.0
008 - FIXED-LENGTH DATA ELEMENTS--GENERAL INFORMATION
fixed length control field 200313b ||||| |||| 00| 0 rus d
041 0# - LANGUAGE CODE
Language code of text/sound track or separate title rus
245 00 - TITLE STATEMENT
Title Вопросы гидравлики и гидротехнического строительства :
Remainder of title Сборник трудов /
Statement of responsibility, etc. Ленингр. отд-ние Всесоюз. науч. инж.-техн. о-ва водного транспорта "ЛОНИТОВТ"; Под ред. В.М. Маккавеева.
260 ## - PUBLICATION, DISTRIBUTION, ETC.
Place of publication, distribution, etc. Ленинград ;
-- Москва :
Name of publisher, distributor, etc. Речиздат,
Date of publication, distribution, etc. 1952.
300 ## - PHYSICAL DESCRIPTION
Extent 144 с.,
Other physical details ил.
653 0# - INDEX TERM--UNCONTROLLED
Uncontrolled term Гидравлика - Сборники
653 0# - INDEX TERM--UNCONTROLLED
Uncontrolled term Гидротехническое строительство - Сборники
700 1# - ADDED ENTRY--PERSONAL NAME
Personal name Маккавеев, В. М.
Relator term ред.
Relationship edt
942 ## - ADDED ENTRY ELEMENTS (KOHA)
Source of classification or shelving scheme Universal Decimal Classification
Koha item type Գրքեր / Books
Holdings
Withdrawn status Lost status Damaged status Not for loan Collection Home library Current library Date acquired Total checkouts Full call number Barcode Date last seen Price effective from Koha item type Public note
        General Fundamental Scientific Library Fundamental Scientific Library 13/03/2020   РД III/15710 FL0621615 13/03/2020 13/03/2020 Գրքեր / Books 30 Days Loan


ՀՀ ԳԱԱ հիմնարար գիտական գրադարան
ՀՀ,Երևան 0019
Մարշալ Բաղրամյան 24/6
հեռախոս:(374-10) 52-47-50
Հետադարձ կապ

All site content, except where otherwise noted, is licensed under a
Creative Commons License